00421nam a2200121Ia 4500008004100000245008100041260004500122260000900167300000700176650002300183650001200206856008100218170516s9999 xx 000 0 und d aHomecare user needs from the perspective of the patient and carers: a review bSmart Homecare Technology and TeleHealth c2014 a2: xMedical Technology xMedtech uhttps://www.dovepress.com/smart-homecare-technology-and-telehealth-i937-j140